000 00830nam a2200289 a 4500
001 68233
003 BD-RjUL
005 20211209081739.0
008 170401s1964 enka b 000 0 eng d
035 _a(BD-RjUL)68443
035 _aGLIS00156714
040 _aDLC
_cNRC
_dMYG
_dBD-RjUL
_beng
041 _aeng
082 _223
_a539.7
_bFRA 1964
090 _aQC173
_b.F871
099 _aQC173.F871
100 1 _aFremlin, J. H.
_9202281
245 1 0 _aApplications of nuclear physics /
_c J. H. Fremlin.
250 _a1st ed.
260 _aLondon :
_bEnglish Universities Press ,
_cc1964
300 _axiii, 340 p. :
_bill. ;
_c23 cm.
490 1 _aPhysical science texts
504 _aIncludes bibliography and index
650 0 _aNuclear physics.
_9202282
830 0 _aPhysical science texts.
_9202284
942 _2ddc
_cBK
999 _c68233
_d68233